000 00696cam a22002292 4500
001 0000003333
005 20151217151922.0
008 070503s xx 000 0 eng d
020 _a0030193826 :
040 _aKABU
_cKABU
050 0 _aJF51
_b.C53 1997
245 1 0 _aClassics of public administration /
_c[edited by] Jay M. Shafrith, Albert C. Hyder.
250 _a4th ed.
260 _aFort Worth, TX :
_bHarcourt Brace,
_c1997.
300 _axi, 596 p.
650 0 _aPublic administration.
_@0000153162
700 1 _aShafrith, J. M.
_@0000153163
700 1 _aHyder, Albert C.
_@0000153164
908 _a070503
950 _@1
999 _c6365
_d6365